E-learning portal in the teaching of world history for grade 8 learners (Record no. 15665)

MARC details
000 -LEADER
fixed length control field 00773nam a22002297a 4500
005 - DATE AND TIME OF LATEST TRANSACTION
control field 20220117143102.0
008 - FIXED-LENGTH DATA ELEMENTS--GENERAL INFORMATION
fixed length control field 191204b ||||| |||| 00| 0 eng d
041 ## - LANGUAGE CODE
Language code of text/sound track or separate title eng
043 ## - GEOGRAPHIC AREA CODE
Geographic area code a-ph---
050 10 - LIBRARY OF CONGRESS CALL NUMBER
Classification number D21
Item number .An87 2018
100 ## - MAIN ENTRY--PERSONAL NAME
Personal name Antiporda, John King C.
245 ## - TITLE STATEMENT
Title E-learning portal in the teaching of world history for grade 8 learners
260 ## - PUBLICATION, DISTRIBUTION, ETC.
Date of publication, distribution, etc. April 2018
300 ## - PHYSICAL DESCRIPTION
Extent 162 leaves :
Other physical details illustrations ;
Dimensions 28 cm
336 ## - CONTENT TYPE
Source rda content
Content type term text
337 ## - MEDIA TYPE
Source rda media
Media type term unmediated
338 ## - CARRIER TYPE
Source rda carrier
Carrier type term volume
502 ## - DISSERTATION NOTE
Dissertation note Thesis
Degree type Master of Arts in Teaching major in Social Studies
Name of granting institution University of Rizal System-Morong
Year degree granted 2018
650 #0 - SUBJECT ADDED ENTRY--TOPICAL TERM
Topical term or geographic name entry element World history--Study and teaching.
700 ## - ADDED ENTRY--PERSONAL NAME
Personal name Delizo, Ma. Luz M.
Relator term degree supervisor
942 ## - ADDED ENTRY ELEMENTS (KOHA)
Source of classification or shelving scheme Library of Congress Classification
Koha item type Theses and dissertations
Holdings
Withdrawn status Source of classification or shelving scheme Damaged status Not for loan Collection code Home library Current library Date acquired Total Checkouts Full call number Barcode Date last seen Copy number Price effective from Koha item type
  Library of Congress Classification     Reference Morong Graduate Library Morong Graduate Library 12/04/2019   D21 .An87 2018 URSMOR-CL-005493 12/04/2019 1 04/07/2021 Theses and dissertations

University of Rizal System
Email us at univlibservices@urs.edu.ph

Visit our Website www.urs.edu.ph/library